¿Qué es la filosofía?

Guardat en:
Dades bibliogràfiques
Autor principal: Körner, Stephan
Format: Llibre
Idioma:Undetermined
Publicat: Barcelona, España Ariel 1976
Matèries:
Etiquetes: Afegir etiqueta
Sense etiquetes, Sigues el primer a etiquetar aquest registre!

MARC

LEADER 00000nam a2200000Ia 4500
008 170316s9999 xx 000 0 und d
090 |a 100 K-22q 
100 |a Körner, Stephan 
245 |a ¿Qué es la filosofía? 
260 |a Barcelona, España 
260 |b Ariel 
260 |c 1976 
300 |a 381 páginas 
650 |a FILOSOFÍA 
999 |c 16675  |d 16675 
040 |a cru BVZT 
942 |c 15 D  |h 100 K-22q  |2 z